Religion at the Service of Nationalism and Other Essays : (Record no. 614707)

MARC details
000 -LEADER
fixed length control field 00518nam a2200181 a 4500
008 - FIXED-LENGTH DATA ELEMENTS--GENERAL INFORMATION
fixed length control field 260220s2001##################000#0#eng##
020 ## - INTERNATIONAL STANDARD BOOK NUMBER
ISBN 9780195657999
082 04 - DEWEY DECIMAL CLASSIFICATION NUMBER
Classification number 320.54
Item number MAD
100 1# - MAIN ENTRY--AUTHOR NAME
Personal name Kishwar, Madhu,
245 10 - TITLE STATEMENT
Title Religion at the Service of Nationalism and Other Essays :
260 ## - PUBLICATION, DISTRIBUTION, ETC. (IMPRINT)
Name of publisher Oxford University Press, USA,
Year of publication 2001.
650 #0 - SUBJECT ADDED ENTRY--TOPICAL TERM
Topical Term Ethnic conflict.
942 ## - ADDED ENTRY ELEMENTS (KOHA)
Koha item type English Books
Holdings
Withdrawn status Lost status Damaged status Not for loan Home library Current library Shelving location Date acquired Full call number Accession Number Price effective from Koha item type
        Anna Centenary Library Anna Centenary Library 3RD FLOOR, B WING 20.02.2026 320.54 MAD 111481 20.02.2026 English Books

Find us on the map